10+ Argentina Caps Since 2000 - Statistics

General Stats
  • This quiz has been taken 191 times
  • The average score is 56 of 108
Answer Stats
Debut Last Most Apps For Pos Player Cps Gls % Correct
2005 Barcelona RW Lionel Messi 183 108
100%
2008 Paris Saint-Germain RW Ángel Di María 141 31
98%
2006 2021 Manchester City ST Sergio Agüero 101 41
98%
2021 Aston Villa GK Emiliano Martínez 40
97%
2003 2018 Barcelona DM Javier Mascherano 147 3
96%
2018 Inter Milan ST Lautaro Martínez 59 25
96%
2021 Tottenham Hotspur CB Cristian Romero 32 3
95%
2009 2018 Real Madrid ST Gonzalo Higuaín 75 31
95%
2019 Ajax CB Lisandro Martínez 19
95%
2009 Manchester City CB Nicolás Otamendi 113 6
95%
2008 2018 AZ Alkmaar GK Sergio Romero 96
95%
2019 Fiorentina CB Lucas Martínez Quarta 14
94%
1994 2011 Inter Milan RB Javier Zanetti 97 2
91%
2004 2015 Boca Juniors ST Carlos Tevez 76 13
89%
2022 Chelsea CM Enzo Fernández 23 4
89%
2015 Juventus SS Paulo Dybala 38 3
89%
2011 2016 Celta Vigo RM Augusto Fernández 16 1
88%
2011 2014 Swansea City CB Federico Fernández 32 3
88%
2005 2016 Manchester City RB Pablo Zabaleta 58
88%
2005 2016 Bayern Munich CB Martín Demichelis 51 2
85%
2017 Ajax LB Nicolás Tagliafico 58 1
84%
2011 2019 Manchester United CB Marcos Rojo 61 3
83%
2019 Brighton & Hove Albion CM Alexis Mac Allister 27 2
82%
2017 Tottenham Hotspur CM Giovani Lo Celso 53 3
79%
1995 2007 Parma ST Hernán Crespo 45 28
79%
2021 River Plate ST Julián Álvarez 32 8
79%
2011 2018 Tottenham Hotspur RW Erik Lamela 25 3
77%
2018 Udinese CM Rodrigo De Paul 65 2
77%
2007 2016 Napoli SS Ezequiel Lavezzi 51 9
75%
2017 Paris Saint-Germain DM Leandro Paredes 63 5
74%
2005 2014 Boca Juniors ST Rodrigo Palacio 27 3
73%
2003 2013 Boca Juniors LB Clemente Rodríguez 20
72%
2017 Real Betis DM Guido Rodríguez 29 1
72%
1997 2008 Boca Juniors AM Juan Román Riquelme 45 17
72%
2003 2014 Newell's Old Boys LW Maxi Rodríguez 57 16
72%
2016 Sevilla LB Marcos Acuña 58
71%
2010 2017 Paris Saint-Germain AM Javier Pastore 29 2
69%
2000 2011 Inter Milan DM Esteban Cambiasso 52 5
68%
2003 2011 Porto CM Lucho González 45 7
68%
1996 2010 Estudiantes CM Juan Sebastián Verón 46 7
66%
1995 2005 Valencia LM Kily González 45 8
66%
2021 Atlético Madrid RM Nahuel Molina 39 1
66%
2019 Fiorentina RW Nicolás González 34 5
66%
2003 2011 Racing Club ST Diego Milito 26 4
65%
2000 2011 Real Zaragoza CB Gabriel Milito 41 1
65%
2017 2022 Atalanta LW Papu Gómez 17 3
65%
1999 2010 Inter Milan CB Walter Samuel 47 4
65%
2015 Atlético Madrid RW Ángel Correa 25 3
63%
2017 2022 Lazio SS Joaquín Correa 19 4
63%
2018 Bayer Leverkusen CM Exequiel Palacios 29
62%
2008 2018 Sevilla CM Éver Banega 65 6
60%
2000 2007 Barcelona SS Javier Saviola 40 11
60%
2003 2010 Paris Saint-Germain CB Gabriel Heinze 72 3
56%
2019 River Plate RB Gonzalo Montiel 27 1
53%
1988 2002 Atlético Madrid CM Diego Simeone 19
52%
2007 2017 Boca Juniors DM Fernando Gago 61
52%
2018 Villarreal RB Juan Foyth 18
50%
1994 2007 Valencia CB Roberto Ayala 60 4
50%
1995 2003 Valencia ST Claudio López 24 5
49%
1994 2003 Celta Vigo LW Gustavo López 14 1
49%
2019 Sevilla LW Lucas Ocampos 12 2
48%
2010 2018 Anderlecht DM Lucas Biglia 58 1
47%
2003 2014 Newcastle United CB Fabricio Coloccini 39 1
46%
1999 2009 Valencia AM Pablo Aimar 50 8
46%
2009 2018 River Plate DM Enzo Pérez 26 1
42%
2007 2015 Benfica CB Ezequiel Garay 32
42%
1995 2006 Villarreal LM Juan Pablo Sorín 58 8
42%
2018 River Plate GK Franco Armani 19
41%
2007 2011 Newcastle United LM Jonás Gutiérrez 21 1
38%
2004 2008 Boca Juniors GK Roberto Abbondanzieri 49
37%
2017 Real Betis CB Germán Pezzella 40 3
34%
1997 2008 Inter Milan ST Julio Cruz 15 2
32%
1993 2010 River Plate AM Ariel Ortega 24 3
31%
2009 2016 Benfica LM Nicolás Gaitán 19 2
31%
2019 2021 Bologna CM Nicolás Domínguez 11 1
27%
2014 Udinese CM Roberto Pereyra 19 2
27%
1999 2004 Real Madrid LM Santiago Solari 10 1
26%
2011 2018 Sevilla CB Federico Fazio 10 1
24%
2003 2009 Getafe CB Cata Díaz 12 1
23%
2012 2014 Napoli CB Hugo Campagnaro 17
23%
2003 2011 Boca Juniors CB Nicolás Burdisso 49 2
23%
2000 2005 Bayer Leverkusen LB Diego Placente 22
22%
2003 2010 Internacional AM Andrés D'Alessandro 25 3
21%
2015 2018 River Plate CB Ramiro Funes Mori 26 2
21%
2010 2019 River Plate CB Gabriel Mercado 24 4
20%
1999 2002 Espanyol CB Mauricio Pochettino 14 1
20%
2017 2018 Boca Juniors RW Cristian Pavón 11
18%
2009 2020 Benfica RW Eduardo Salvio 14
18%
2005 2013 Estudiantes AM José Sosa 19 1
18%
1995 2002 Atlético Madrid GK Germán Burgos 11
16%
1996 2003 Lazio DM Matías Almeyda 17 1
16%
1996 2004 Celta Vigo GK Pablo Cavallero 22
14%
1994 2003 River Plate AM Marcelo Gallardo 10 3
13%
2018 2022 Monterrey RW Maximiliano Meza 11
12%
1994 2003 Arsenal RB Nelson Vivas 15
12%
2003 2005 Cruz Azul RW César Delgado 20 2
11%
2007 2012 River Plate GK Juan Pablo Carrizo 12
10%
2003 2010 Independiente AM Federico Insúa 14
9%
2013 2014 Monterrey CB José María Basanta 12
9%
2009 2014 Estudiantes GK Mariano Andújar 11
8%
2003 2009 Boca Juniors DM Sebastián Battaglia 10
8%
2004 2005 Rosario Central ST Luciano Figueroa 15 9
7%
2002 2004 Wolfsburg CB Facundo Quiroga 16
5%
2009 2011 Belgrano DM Mario Bolatti 12 1
5%
2003 2013 Internacional DM Pablo Guiñazú 16
4%
2000 2005 Real Zaragoza RW Luciano Galletti 13 3
3%
2013 2017 Boca Juniors CB Facundo Roncaglia 14
2%
2004 2004 Newell's Old Boys ST Mauro Rosales 10 1
1%
No matching quizzes found
Score Distribution
Percent of People with Each Score
Percentile by Number Answered
Your Score History
You have not taken this quiz